01478nam a2200289 a 450000100100000000500170001000800410002702000180006804000250008608200200011110000300013124500810016126000500024230000210029250000570031350400300037060000600040065000280046065000310048804900150051995201320053495201320066695201320079895201180093095201230104899900170117100001879420240412074248.0100519s2010 dr r 000 p spa d a9789945163452 aDO-SdBNPbspacBNPHU aRD861.44bE91zI1 aEusebio, Enríque92721310aInventos del instante, instantes rotos :bserrata 2010 /cEnríque Eusebio. aSanto Domingo :bHecho en CasafBúhoc2010. a100 p. ;c24 cm. aIncluye datos biográficos del autor en las solapas aBibliografía : p. 11-1514aEUSEBIO, ENRÍQUExCRÍTICA E INTERPRETACIÓN940531 0aPoesía dominicana966 0aLiteratura dominicana.967 aEn proceso 001054708DSaGRbGRcHDd2010-05-19iLF1l0oRD861.44 E91zIp18794-30r2020-06-25te.3w2020-06-25yLFDSZPréstamo en sala 001054708DSaGRbGRcHDd2015-05-15iLF1l0oRD861.44 E91zIp18794-40r2020-06-25te.4w2020-06-25yLFDSZPréstamo en sala 001054708DSaGRbGRcHDd2015-05-15iLF1l0oRD861.44 E91zIp18794-50r2020-06-25te.5w2020-06-25yLFDSZPréstamo en sala 0010718PDaPDbPDcHDd2010-05-19iLF1l0oRD861.44 E91zIp18794-10r2020-06-25w2020-06-25yLFPDZNo se presta 0010718PDaPDbPDcHDd2010-05-19iLF1l0oRD861.44 E91zIp18794-20r2020-06-25te.2w2020-06-25yLFPDZNo se presta c18314d18314